Statystyki dla Wszyscy ćwierćfinaliści MŚ w piłce nożnej

Kliknij tutaj aby rozwiązać quiz!

Ogólne statystyki

  • Ten quiz został rozwiązany 99 razy
  • Średni wynik to 31 z 42

Statystyki odpowiedzi

Liczba ćwierćfinałówPaństwo% Poprawnych
8Argentyna
99%
14Brazylia
99%
8Francja
96%
14Niemcy
95%
10Anglia
92%
5Holandia
91%
5Hiszpania
90%
3Portugalia
90%
3Belgia
89%
1Maroko
89%
5Urugwaj
89%
7Włochy
89%
1Rosja
87%
5Szwecja
86%
1USA
86%
3Chorwacja
85%
2Meksyk
82%
1Chile
81%
1Dania
80%
3Szwajcaria
78%
2Austria
75%
1Korea Południowa
75%
1Ukraina
75%
1Kolumbia
73%
1Turcja
72%
5Węgry
70%
1Senegal
68%
1Walia
67%
1Ghana
65%
1Kostaryka
65%
1Paragwaj
65%
1Peru
65%
4Jugosławia
62%
1Rumunia
61%
4ZSRR
61%
1Bułgaria
56%
3Czechosłowacja
56%
1Irlandia
54%
1Kamerun
51%
1Korea Północna
29%
1Kuba
27%
1Irlandia Północna
24%

Rozkład punktacji

Percentyl według liczby udzielonych odpowiedzi

Procent ludzi z każdym wynikiem

Twoja historia wyników

Nie rozwiązałeś tego quizu